000 01027pam a2200265 i 4500
005 20260322212005.0
008 data
010 _a 77021831
020 _a0195042220 (pbk.)
_c{dollar}15.00
020 _a9780195042221 (pbk.)
_c{dollar}15.00
040 _aDLC
_cDLC
_dDLC
043 _as------
_as------
050 0 0 _aE101
_b.M852 1978
082 0 0 _a970.01
092 _a970.1 M85 1978
100 1 _aMorison, Samuel Eliot,
_d1887-1976.
245 1 4 _aThe great explorers :
_bthe European discovery of America /
_cSamuel Eliot Morison.
260 _aNew York :
_bOxford University Press,
_c1978.
300 _axxv, 752 p. :
_bill. ;
_c24 cm.
500 _a"A new edition of material selected from two earlier volumes, The European discovery of America : the Northern voyages, A.D. 500-1600 ... and The European discovery of America : the Southern voyages, 1492-1616."
504 _aIncludes bibliographical references and index.
650 0 _aVoyages and travels.
651 0 _aAmerica
_xDiscovery and exploration.
001 data
999 _c85
_d85